000 00896nam a2200241 i 4500
001 184436
003 ES-MaACL
005 20250618124654.0
008 150826s1984 sp |||| | spa d
020 _a84-276-0671-0
080 _a871-392"11"
100 0 _aGeoffrey of Monmouth.
_9157316
245 1 0 _aHistoria de los reyes de Britania /
_cGeoffrey de Monmouth ; edición preparada por Luis Alberto de Cuenca.
260 _aMadrid :
_bEditora Nacional,
_c[1984]
300 _a318 p. ;
_c18 cm.
490 1 _aBiblioteca de la literatura y el pensamiento universales ;
_v61
500 _aÍndice onomástico.
504 _aBibliografía: p. [17]-18.
700 1 _aCuenca, Luis Alberto de,
_d1950-
_9240908
830 0 _aBiblioteca de la literatura y el pensamiento universales ;
_v61
_9182217
852 _aES-MaACL
_jL-30165
_z. - Donat. Miguel A. Velasco
999 _c184436
_d184436